00895nas a2200229Ia 4500001001100000003000900011008004100020040001300061040001300074041001300087100004600100210001400146222001400160245009400174250001100268260005000279501008600329300001700415362003400432500016300466650003600629R007/H8371IT-RoPAU151124c99999999xx |||||||||||| ||und|| aIT-RoPAU cIT-RoPAU aITALIANO aMariotti MattiagCodice Aut. SPICS: 59351 aCINEFORUM aCineforum aCINEFORUM, ANNO 48-N.473 (APRILE 2008)bPersepolis di Vincent Paronnaud E Marjane Satrapi a1a ed. aBERGAMObFEDERAZIONE ITALIANA CINEFORUMc2008 bPaulus - SPICS - Società San Paolo EM (non-commercial uses only)cCopyright2015 a3 p. [23-25] aANNO 048, N.473 (APRILE 2008) aScheda, Trama e Recensione del Film. Animazione Come Resistenza: Come L'Occhio Strabico di un Uomo; Dissenso Animato Vs. Silenzio Dal Vero; Gelsomininel Buio. aCINEMAvPUBBLICAZIONE PERIODICA